Conservatism of ecological niches in evolutionary time (Registro nro. 11629)

Detalles MARC
000 -CABECERA
Campo de control 005260000a22001810004500
090 ## - CLASIFICACIÓN LOCAL
Colección AR
Consecutivo 02565
041 0# - IDIOMA
Código de idioma para texto/pista de sonido o título separado
100 1# - ASIENTO PRINCIPAL--NOMBRE PERSONAL
Nombre personal Peterson, A. Townsend
245 10 - MENCION DE TITULO
Título Conservatism of ecological niches in evolutionary time
650 14 - ASIENTO SECUNDARIO DE MATERIA - TERMINO TEMATICO
Término temático o nombre geográfico como elemento de entrada Biología de la conservación
650 14 - ASIENTO SECUNDARIO DE MATERIA - TERMINO TEMATICO
Término temático o nombre geográfico como elemento de entrada Evolución
650 14 - ASIENTO SECUNDARIO DE MATERIA - TERMINO TEMATICO
Término temático o nombre geográfico como elemento de entrada Nicho
651 #4 - ASIENTO SECUNDARIO DE MATERIA - NOMBRE GEOGRAFICO
-- México
700 1# - ASIENTO SECUNDARIO - NOMBRE PERSONAL
Nombre personal Soberón, Jorge
700 1# - ASIENTO SECUNDARIO - NOMBRE PERSONAL
Nombre personal Sánchez Cordero, V.
773 1# - Item fuente:
Título Science
Especificación de materiales 685
Paginas del Articulo 1265-1267
Lugar, editorial y fecha de publicación 1999
Información sobre la relación 285
942 ## - ELEMENTOS ADICIONALES (KOHA)
Tipo de ítem Artículo
Existencias
Withdrawn status Lost status Damaged status No para préstamo Colección Ubicación Permanente Ubicación actual Fecha de adquisición Fuente de Valor Datos de publicación Seriada Total Checkouts Número topográfico Inventario / Código de Barras Date last seen Ejemplar Price effective from Forma de adquisición Tipo de material
      No para Préstamo Hemeroteca Bogotá Bogotá 27/02/2015 Sánchez, Enrique Fuera de circulación   AR 02565 012980 25/03/2015 1 25/03/2015   Artículo